| 000 | 00673nam a22001937a 4500 | ||
|---|---|---|---|
| 999 |
_c259359 _d259358 |
||
| 003 | OSt | ||
| 005 | 20220923162554.0 | ||
| 008 | 220923b xxu||||| |||| 00| 0 eng d | ||
| 010 | _a 2017963123 | ||
| 020 | _a9780198745716 (pbk.) | ||
| 040 |
_aa YDX _b eng _c YDX _d BDX _e|e rda |
||
| 050 |
_a PR9340.5 _b .W47 2018 |
||
| 100 |
_a West-Pavlov, Russell, _d1964- _eeditor. |
||
| 245 |
_aEastern African literatures : _btowards an aesthetics of proximity / _cRussell West-Pavlov. |
||
| 250 | _aFirst edition. | ||
| 260 |
_a Oxford, United Kingdom ; New York : _b Oxford University Press, _c 2018. |
||
| 300 |
_a xix, 219 pages : _b maps ; _c 21 cm. |
||
| 942 |
_2lcc _cBK |
||